Atypické formy zamestnávania v podmienkach vybraného podniku bakalárska práca

Saved in:
Bibliographic Details
Main Author: Rudý, Stanislav
Corporate Author: Podnikovohospodárska fakulta EU so sídlom v Košiciach. Katedra ekonómie
Other Authors: Bruothová, Michaela, 1979-
Format: Book
Language:Slovak
Published: Košice 2019
Tags: Add Tag
No Tags, Be the first to tag this record!

MARC

LEADER 00000nbm a2200000 4500
001 0256406
005 20240827092000.2
041 0 |a slo 
044 |a SK 
245 1 0 |a Atypické formy zamestnávania v podmienkach vybraného podniku  |b bakalárska práca  |c Stanislav Rudý ; školiteľ: Michaela Bruothová 
264 1 |a Košice  |c 2019 
300 |a 52 s. 
100 1 |a Rudý, Stanislav 
700 1 |a Bruothová, Michaela, 1979- 
710 2 |a Podnikovohospodárska fakulta EU so sídlom v Košiciach. Katedra ekonómie